Nam bán dâm đồng giới : Kỳ thị và ứng phó với kỳ thị /

保存先:
書誌詳細
第一著者: Mai Thanh Tú.
その他の著者: Lê Minh Giang., Nguyễn Hữu Anh., Trịnh Thị Ngọc Diệp.
フォーマット: 論文
言語:Vietnamese
主題:
タグ: タグ追加
タグなし, このレコードへの初めてのタグを付けませんか!
Thư viện lưu trữ: Thư viện Trường Đại học Đà Lạt
LEADER 00958nam a2200301 4500
001 DLU090103843
005 ##20130520
040 # # |a DLU  |b vie 
041 # # |a vie 
044 # # |a vn 
100 # # |a Mai Thanh Tú. 
245 # # |a Nam bán dâm đồng giới :  |b Kỳ thị và ứng phó với kỳ thị /  |c Mai Thanh Tú, Lê Minh Giang, Trịnh Thị Ngọc Diệp, Nguyễn Hữu Anh. 
653 # # |a Đồng giới 
653 # # |a Bán dâm 
653 # # |a Tâm sinh lí 
700 # # |a Lê Minh Giang. 
700 # # |a Nguyễn Hữu Anh. 
700 # # |a Trịnh Thị Ngọc Diệp. 
773 # # |t Tạp chí Nghiên cứu Gia đình và giới   |g Số 6(22), 2012, tr. 119-131 
920 # # |a Phòng Tạp chí -- Trung tâm Thông tin - Thư viện Trường Đại học Đà Lạt 
994 # # |a DLU 
900 # # |a True 
911 # # |a Nguyễn Thị Linh Chi 
925 # # |a G 
926 # # |a A 
927 # # |a BB 
980 # # |a Thư viện Trường Đại học Đà Lạt